000 00798cab a2200229 4500
001 WB3318-06
008 090401t1997 xxu||||| |||| 00| 0 eng d
035 _a(Sirsi) u78252
041 _aeng
245 _aTime to outlaw this killer
260 _c1997
350 _a0
490 _aConstruction News
_v(6514) 8 May 1997, 10-11
490 _aHealth and Safety Bulletin
_v(257) May 1997, 5(3)
520 _aNigel Bryson, safety officer of the general union GMB, argues that as asbestos kills more construction workers than anything else, it must be banned.
650 _aMANAGEMENT-HEALTH AND SAFETY-HAZARDOUS SUBSTANCES-ASBESTOS
650 _aHEALTH AND SAFETY
_96244
650 _aHEALTH HAZARDS
690 _aBUILT ENVIRONMENT-BUILDING MATERIALS
942 _n0
948 _c08/05/1997
999 _c49253
_d49253